Länder, die an Belarus grenzen - Statistiken

Allgemein
  • Dieses Quiz wurde 797 mal gespielt
  • Das Durchschnittsergebnis liegt bei 5 aus 5
Antwortstatistiken
km Land % Korrekt
956 Russland
100%
1084 Ukraine
99%
679 Litauen
98%
418 Polen
98%
171 Lettland
94%
Keine übereinstimmenden Quizze gefunden
Verteilung der Resultate
Anzahl Personen mit jedem Resultat
Perzentil nach korrekt beantworteten Fragen
Ihre Resultats-Entwicklung
Sie haben dieses Quiz noch nicht gespielt